MARC

LEADER 00000nam0a2200000 4500
001 307530
005 20231102002013.0
035 |a (RuTPU)RU\TPU\book\332823 
035 |a RU\TPU\book\308658 
090 |a 307530 
100 |a 20151021d1981 k y0rusy5003 ca 
101 0 |a rus 
102 |a RU 
105 |a ab z 001zy 
200 1 |a Железорудные месторождения Сибири  |e сборник статей  |f Академия наук СССР, Сибирское отделение, Институт геологии и геофизики ; Сибирский научно-исследовательский институт геологии, геофизики и минерального сырья (СНИИГГиМС) ; под ред. В. А. Кузнецова 
210 |a Новосибирск  |c Наука  |d 1981 
215 |a 238 с. 
225 1 |a Труды института геологии и геофизики (ИГиГ) СО АН СССР  |v Вып. 501 
320 |a Библиогр.: с. 229-234 
606 1 |a Железорудные месторождения  |y Сибирь  |2 stltpush  |3 (RuTPU)RU\TPU\subj\72210  |9 85780 
610 1 |a состав 
610 1 |a морфология 
610 1 |a скарново-магнетитовые руды 
610 1 |a титаномагнетитивые месторождения 
610 1 |a железистые кварциты 
610 1 |a гематитовые месторождения 
610 1 |a сидериты 
610 1 |a бурый железняк 
610 1 |a Алдан 
610 1 |a Читинская область 
610 1 |a Бурятия 
610 1 |a Восточный Саян 
610 1 |a Кузнецкий Алатау 
675 |a 553.31(571)  |v 3 
702 1 |a Кузнецов  |b В. А.  |4 340 
712 0 2 |a Академия наук СССР  |b Сибирское отделение  |b Институт геологии и геофизики  |c (Новосибирск)  |c (1957-1990)  |2 stltpush  |3 (RuTPU)RU\TPU\col\128  |9 23211 
712 0 2 |a Сибирский научно-исследовательский институт геологии, геофизики и минерального сырья (СНИИГГиМС)  |c (Новосибирск)  |2 stltpush  |3 (RuTPU)RU\TPU\col\322 
801 0 |a RU  |b RuMRKP  |c 19950704  |g psbo 
801 1 |a RU  |b 63413507  |c 20150216 
801 2 |a RU  |b 63413507  |c 20190920  |g RCR 
942 |c BK